000 00848nam a2200241 a 4500
001 000014753
005 20251009124641.0
008 100120s2007 dr a 001 0 spa d
020 _a9789945415131
040 _aDO-SdBNP
_bspa
_cBNPHU
082 _a658.812
_bO96s
100 1 _aOvalle, Lucía
_921368
245 1 0 _aServicio al cliente :
_bestrategias y herramientas para el éxito competitivo /
_cLucía Ovalle ; prólogo Inmaculada Adames.
260 _aSanto Domingo :
_bCentenario,
_c2007.
300 _a162 p. :
_bil. ;
_c23 cm.
590 _aInventariado, 2018/ YL
650 4 _aServicio al cliente
_91161
650 0 _aRelaciones con los clientes
_919762
650 0 _aMercadotecnia
_96644
650 0 _aPlanificación empresarial
_91780
700 1 _aAdames, Inmaculada,
_epról.
_933444
910 _aValidado. Control de calidad MMOLINA
999 _c14336
_d14336